000 00932nam a2200241 a 4500
001 80393
003 BD-RjUL
005 20230403102313.0
008 220919s1996 bg a|||| m||| 00| 0 eng d
035 _a(BD-RjUL)80393
040 _aBD-RjUL
_beng
_cBD-RjUL
_dBD-RjUL
041 _aeng
082 _a574.19296
_bHAP 1996
_223
100 _aHassan, Parvez
245 0 1 _aPurification, Characterization and Structure-Function Relations of Ant (Oecophylla Smaragdina Fabr.) Egg Proteins /
_cParvez Hassan ;
_6Supervision : Nurul Absar
260 _aRajshahi :
_bInstitute of Biological Sciences, University of Rajshahi,
_c1996
300 _avii,130 Leaves :
_bill, ;
_c29 cm.
502 _aThesis (Ph. D.) -- Institute of Biological Sciences, University of Rajshahi, 1996
504 _a`References : Leaves 118-130
650 _aPurification,
_vCharacterization
_94896
700 _aAbsar, Nurul, Supervision
_94897
942 _2ddc
_cTHE
999 _c80393
_d80393